000 00700nam a2200241Ia 4500
003 OSt
005 20220925182851.0
006 a|||||r|||| 00| 0
007 ta
008 220923b |||||||| |||| 00| 0 eng d
037 _cGeneral Book
040 _aRTL
_cRTL
_beng
041 _2eng
_aeng
082 _aX:1:(S:44).2.N8, M6
100 _aGupta Anil
245 0 _aConsumption behaviour in India
_b A study of All-Ind
260 _aDelhi
_bAnmol
_c1986
300 _avi,248p
_ccm.
500 _aBibliography: P 229-242; Appendix: P 166-277
650 _aConsumption Economics
942 _hX:1:(S:44).2.N8, M6
_cGB
_2CC
999 _c503350
_d503350